000
00299nam a2200121Ia 4500
008
191201s2008 xx 000 0 und d
100
_a
PHILLIPS, Philip
245
0
_a
Advanced Solid State Physics
260
_a
N. delhi
_b
overseas press
_c
2008
300
_a
386
650
_a
Applied
942
_2
ddc
_c
BK
999
_c
6638
_d
6638